[Event "Cataluna-chT"]
[Site "ESP"]
[Date "1999.??.??"]
[Round "1"]
[White "Cuadras Avellana, Jorge"]
[Black "Baches Garcia, Guillermo"]
[Result "0-1"]
[WhiteElo "2455"]
[BlackElo "2345"]

1.e4 c5 2.Nc3 Nc6 3.Nf3 d6 4.d4 cxd4 5.Nxd4 Nf6 6.Bg5 e6 7.Qd2 Be7 8.O-O-O a6
9.f4 Nxd4 10.Qxd4 b5 11.Bxf6 gxf6 12.e5 d5 13.Kb1 Rg8 14.h3 Bb7 15.g4 Rc8
16.Rh2 b4 17.Ne2 Rc4 18.Qd3 fxe5 19.Qxh7 Rf8 20.fxe5 Qc7 21.Nc1 Qxe5 22.Rf2 Rd4
23.Bd3 Bf6 24.Rxf6 Qxf6 25.g5 Rh8 26.gxf6 Rxh7 27.Bb5+ axb5 28.Rxd4 Rxh3
29.Rxb4 Bc6 30.a4 bxa4 31.Nd3 Kd7 32.Ne5+ Kc7 33.Rg4 Rh1+ 34.Ka2 Rf1 35.Nxf7 Rxf6
36.Ne5 Be8 37.Ka3 Kd6 38.Nd3 e5 39.Rg8 Bd7 40.Ra8 e4 41.Ra6+ Ke7 42.Rxf6 Kxf6
43.Nc5 Bc6 44.b3 axb3 45.Kxb3 d4 46.Kb2 Ke5 47.Kc1 Kd5 48.Nb3 Ba4 49.Nd2 Ke5
50.Nc4+ Kf4 51.Nb2 Bb5 52.Kd2 Kf3 53.c4 Ba6 54.Nd3 e3+ 55.Ke1 Bc8 56.Ne5+ Kf4
57.Nd3+ Kf3 58.Ne5+ Ke4 59.Nf7 Bg4 60.Nd6+ Ke5 61.c5 d3 62.Nc4+ Kd4 63.Nd2 exd2+
64.Kxd2 Bc8 65.c6 Bg4 66.c7  0-1

[Event "Cataluna-chT"]
[Site "ESP"]
[Date "1999.??.??"]
[Round "2"]
[White "Armengol Comas, J."]
[Black "Serra Pages, Jordi"]
[Result "0-1"]
[WhiteElo "2285"]
[BlackElo "2250"]

1.e4 c5 2.Nc3 Nc6 3.Nge2 e5 4.Nd5 Nce7 5.Nec3 Nxd5 6.Nxd5 Nf6 7.Bc4 Be7 8.O-O O-O
9.d3 d6 10.f4 exf4 11.Bxf4 Be6 12.Nxe7+ Qxe7 13.Bg5 Bxc4 14.Bxf6 gxf6 15.Qg4+ Kh8
16.dxc4 Rae8 17.Rae1 Rg8 18.Qf4 Rg6 19.b3 Kg7 20.Rf3 Qe5 21.h4 Qd4+ 22.Kf1 h5
23.Rd3 Qb2 24.Rxd6 Qxc2 25.Qd2 Qxd2 26.Rxd2 Rg4 27.Rd7 b6 28.Rxa7  0-1

[Event "Tres Peons op"]
[Site "ESP"]
[Date "1999.??.??"]
[Round "3"]
[White "Leiro Giralt, Daniel"]
[Black "Prat Llables, J."]
[Result "0-1"]
[WhiteElo "2270"]
[BlackElo "2145"]

1.e4 c5 2.Nc3 Nc6 3.Nge2 d6 4.d4 cxd4 5.Nxd4 Nf6 6.f4 Qb6 7.Nb3 g6 8.Be2 Bg7
9.Bf3 Be6 10.Nd5 Bxd5 11.exd5 Na5 12.Qe2 O-O 13.Be3 Qc7 14.O-O Nc4 15.Bd4 Nb6
16.Rad1 Rfe8 17.Qf2 Nbd7 18.g4 Nc5 19.g5 Nxb3 20.axb3 Nd7 21.Bxg7 Kxg7 22.Bg4 Nf8
23.f5 Qc5 24.Rd4 gxf5 25.Bxf5 e5 26.dxe6 fxe6 27.Bxh7 Nxh7 28.b4 Qb6 29.c3 Rf8
30.Qh4 Rxf1+ 31.Kxf1 Qb5+ 32.Ke1 Rf8 33.Rc4 Nxg5 34.Qg4 Qe5+ 35.Kd1 Rf1+
36.Kd2 Qxh2+  0-1

[Event "Cataluna-chT"]
[Site "ESP"]
[Date "1999.??.??"]
[Round "5"]
[White "Armengol Comas, J."]
[Black "Yepes Martinez, Eduard"]
[Result "1-0"]
[WhiteElo "2285"]
[BlackElo "2320"]

1.e4 c5 2.Nc3 Nc6 3.Nge2 d6 4.d4 cxd4 5.Nxd4 Nf6 6.Be2 e5 7.Nb3 Be7 8.O-O O-O
9.f4 a5 10.a4 Nb4 11.Kh1 Be6 12.f5 Bd7 13.Bg5 Bc6 14.Bf3 Nd7 15.Bxe7 Qxe7
16.Nd5 Bxd5 17.exd5 b6 18.c3 Na6 19.Be4 Nf6 20.Bd3 Qb7 21.Bb5 Rac8 22.Qe2 Nc7
23.Bc6 Qa6 24.c4 Rfd8 25.Nd2 Qa7 26.g4 h6 27.h4 Nh7 28.Ne4 f6 29.Ra3 Na6
30.g5 hxg5 31.hxg5 fxg5 32.Rh3 Nc5 33.Qh5 Nxe4 34.Qxh7+ Kf8 35.f6  1-0

[Event "Tres Peons op"]
[Site "ESP"]
[Date "1999.??.??"]
[Round "7"]
[White "Leiro Giralt, Daniel"]
[Black "Marques Taltavull, Antonio"]
[Result "0-1"]
[WhiteElo "2270"]
[BlackElo "2180"]

1.e4 c5 2.Nc3 Nc6 3.Nge2 Nf6 4.g3 d5 5.exd5 Nxd5 6.Bg2 e6 7.O-O Be7 8.Nxd5 exd5
9.d4 cxd4 10.Nxd4 O-O 11.Re1 Bf6 12.Be3 Re8 13.c3 Nxd4 14.Bxd4 Rxe1+ 15.Qxe1 Bxd4
16.cxd4 Be6 17.Rc1 Qb6 18.Qd2 h6 19.Rc5 Rd8 20.Qc3 Qa6 21.Qa5 Qxa5 22.Rxa5 a6
23.Rc5 Rd6 24.b4 Kf8 25.Kf1 Ke7 26.Rc7+ Rd7 27.Rxd7+ Kxd7 28.Ke1 Kd6 29.a4 b6
30.a5 bxa5 31.bxa5 Bd7 32.Bf1 Bc8 33.Kd2 Bb7 34.Ke3 f5 35.h4 Bc8 36.Bd3 g5
37.hxg5 hxg5 38.Kf3 Kc6 39.Kg2 Kd6 40.Kh3 Ke7 41.Kg2 Kf6 42.Kf1 Ke6 43.g4 fxg4
44.Kg2 Ke7 45.Kg3 Kf6 46.Be2 Bb7 47.Kxg4 Bc8+ 48.Kh5 Bb7 49.Bd3 Bc8 50.Bf1 Bb7
51.Be2 Kf5 52.Kh6 Bc8 53.Bd3+ Kf4 54.Kg6 g4 55.Kf6 Kf3  0-1

[Event "Euskadi-ch13"]
[Site "Euskadi"]
[Date "1999.??.??"]
[Round "4"]
[White "Varas, Carlos"]
[Black "Alias, Ricardo"]
[Result "1/2-1/2"]
[WhiteElo "2290"]
[BlackElo "2210"]

1.e4 c5 2.Nc3 Nc6 3.Nge2 g6 4.d4 cxd4 5.Nxd4 Bg7 6.Be3 d6 7.Be2 Nf6 8.O-O O-O
9.Nb3 Bd7 10.f4 a6 11.g4 h6 12.h4 Ne8 13.f5 e6 14.g5 exf5 15.exf5 Bxf5 16.Nd5 Be5
17.c3 Ng7 18.Bb6 Qc8 19.Nd4 Kh8 20.Nxf5 Nxf5 21.Bg4 Qd7 22.Qd3 Nce7 23.Rae1 Nxd5
24.Qxd5 Qc6 25.Qxc6 bxc6 26.Bxf5 gxf5 27.Rxf5 Rab8 28.Be3 hxg5 29.Rxg5 Rg8
30.Bc1 f6 31.Rg2 Rxg2+ 32.Kxg2 Rg8+ 33.Kf3 Rg3+ 34.Kf2 Rh3 35.Re4  1/2-1/2

[Event "FIN-chT9899"]
[Site "FIN"]
[Date "1999.??.??"]
[Round "7"]
[White "Lehtinen, Antti"]
[Black "Fieandt, John"]
[Result "1/2-1/2"]
[WhiteElo "2155"]
[BlackElo "2215"]

1.e4 c5 2.Nc3 Nc6 3.Nge2 d6 4.d4 cxd4 5.Nxd4 Nf6 6.Bg5 e6 7.Qd2 a6 8.O-O-O Be7
9.f4 Nxd4 10.Qxd4 b5 11.Bxf6 gxf6 12.f5 Qc7 13.Be2 Qc5 14.fxe6 fxe6 15.Qxc5 dxc5
16.Bh5+ Kf8 17.e5 f5 18.g4 f4 19.Ne4 Kg7 20.Nd6 Rf8 21.Nxc8 Rfxc8 22.Rd7 Kf8
23.Rf1 Bg5 24.Rxh7 f3+ 25.Kb1 Kg8 26.Rf7 Rf8 27.R1xf3 Rfd8 28.a4 Rd1+ 29.Ka2 Rd4
30.Ra3 bxa4 31.Rc7 Rf8 32.Rxc5 Be7 33.Rc6 Bxa3 34.Kxa3 Rf1 35.c4 Re1 36.Kxa4 Rxe5
37.h4 a5  1/2-1/2

[Event "FIN-chTB9899"]
[Site "FIN"]
[Date "1999.??.??"]
[Round "7"]
[White "Nieminen, Kari"]
[Black "Hurme, Harri M"]
[Result "1-0"]
[WhiteElo "2225"]
[BlackElo "2245"]

1.e4 c5 2.Nc3 Nc6 3.Nf3 g6 4.Bb5 Bg7 5.O-O e6 6.Bxc6 bxc6 7.e5 f6 8.Ne4 fxe5
9.Nd6+ Kf8 10.d3 Qc7 11.Ne4 d6 12.Nfg5 Ke8 13.f4 exf4 14.Bxf4 e5 15.Bd2 Nh6
16.h3 Bf5 17.g4 Bxe4 18.dxe4 Ke7 19.Qf3 Raf8 20.Qb3 Qd7 21.Rxf8 Bxf8 22.Rf1 d5
23.Qf3 Bg7 24.Nf7 dxe4 25.Qf2 Nxg4 26.Qxc5+ Ke8 27.Nd6+  1-0

[Event "FRA-ch U20"]
[Site "FRA"]
[Date "1999.??.??"]
[Round "?"]
[White "Capitaine, Adrien"]
[Black "Fantin, Ludwig"]
[Result "0-1"]
[WhiteElo "2051"]
[BlackElo "2138"]

1.e4 c5 2.Nc3 Nc6 3.Nge2 d6 4.d4 cxd4 5.Nxd4 Nf6 6.Be2 e5 7.Nb3 Be7 8.O-O O-O
9.f4 a5 10.Be3 a4 11.Nd2 exf4 12.Rxf4 d5 13.exd5 Nb4 14.Rf2 Nbxd5 15.Nxd5 Qxd5
16.Bc4 Qe5 17.Nf1 Ng4 18.Rf3 Nxe3 19.Nxe3 Bc5 20.Qd3 Bg4 21.Rg3 Rad8 22.Qc3 Qxc3
23.bxc3 h5 24.Kf1 Bd6 25.Nxg4 Bxg3 26.hxg3 hxg4 27.Rb1 Rc8 28.Rb4 Rc5 29.Bd3 Ra8
30.Rxb7 Rxc3 31.Rb4 Ra3 32.Rb2 g6 33.Kf2 Kg7 34.Bb5 Rc3 35.Bd3 Rh8 36.Rb4 a3
37.Kg1 Rhc8 38.Rb7 Rxc2 39.Bxc2 Rxc2 40.Ra7 Rxa2 41.Kh2 Kf6 42.Ra5 Ke6 43.Ra7 f5
44.Ra6+ Kd5 45.Rxg6 Rf2 46.Ra6 a2 47.Ra4 Kc5 48.Ra8 Kb4 49.Ra6 Kb3 50.Ra5 Kb2
51.Rc5 Kb1  0-1

[Event "Open des Vins"]
[Site "FRA"]
[Date "1999.??.??"]
[Round "5"]
[White "Kaimer, Thomas"]
[Black "Bernardin, Thierry"]
[Result "1-0"]
[WhiteElo "2265"]
[BlackElo "1850"]

1.e4 c5 2.Nf3 Nc6 3.Nc3 g6 4.d4 cxd4 5.Nxd4 Bg7 6.Be3 d6 7.Bc4 Bd7 8.Bb3 Nf6
9.O-O O-O 10.h3 a6 11.Re1 Rc8 12.Nxc6 Bxc6 13.Nd5 Bxd5 14.exd5 Nd7 15.Bd4 Nc5
16.Bxg7 Kxg7 17.Re3 b5 18.Qd4+ f6 19.c3 Re8 20.h4 Qc7 21.h5 Nd7 22.Rae1 Ne5
23.f4 Ng4 24.R3e2 Kf7 25.hxg6+ hxg6 26.f5 gxf5 27.Bc2 Ne5 28.Bxf5 Rb8 29.Be6+ Kg7
30.Rxe5 dxe5 31.Qg4+ Kh6 32.Qh3+ Kg5 33.Qg3+ Kh6 34.Re4 Qc5+ 35.Kh2 Qc4 36.Rxc4 bxc4
37.Bf7  1-0

[Event "Gent op 22nd"]
[Site "Gent"]
[Date "1999.??.??"]
[Round "3"]
[White "Yuldashev, S."]
[Black "Mestrovic, Zvonimir"]
[Result "1-0"]
[WhiteElo "2490"]
[BlackElo "2465"]

1.e4 c5 2.Nc3 Nc6 3.Nf3 e6 4.Bb5 Nd4 5.O-O a6 6.Bd3 d6 7.Nxd4 cxd4 8.Ne2 Qb6
9.a4 Bd7 10.a5 Qa7 11.c3 dxc3 12.bxc3 Nf6 13.Bc2 Bc6 14.Nd4 Be7 15.Ba3 Nd7
16.Qg4 g6 17.Qg3 Ne5 18.d3 h5 19.f4 Ng4 20.h3 e5 21.fxe5 Nxe5 22.Kh1 h4 23.Qf2 O-O
24.Nxc6 bxc6 25.d4 Nc4 26.Bc1 Kg7 27.Qf4 Qd7 28.e5 Qe6 29.Qh6+ Kg8 30.Bg5 dxe5
31.Bxe7 Qxe7 32.Bb3 Nd6 33.Qxg6+ Kh8 34.Qh6+ Kg8  1-0

[Event "Oberliga Ost B9899"]
[Site "GER"]
[Date "1999.??.??"]
[Round "?"]
[White "Chandler, Patrick"]
[Black "Jahn, Constanze"]
[Result "1/2-1/2"]
[WhiteElo "2195"]
[BlackElo "2140"]

1.e4 c5 2.Nc3 Nc6 3.Nge2 Nd4 4.Nxd4 cxd4 5.Ne2 e5 6.c3 dxc3 7.Nxc3 Bc5 8.Bc4 Ne7
9.O-O O-O 10.Kh1 d6 11.d3 Kh8 12.Be3 Nc6 13.a3 f5 14.b4 Bd4 15.Bxd4 Nxd4
16.Ne2 Qb6 17.f4 fxe4 18.Nxd4 Qxd4 19.fxe5 Bd7 20.e6 Bc6 21.b5 Bd5 22.Bxd5 Qxd5
23.e7 Rfe8 24.dxe4 Qe5 25.Qd3 Rxe7 26.Rad1 Qxe4 27.Qxe4 Rxe4 28.Rxd6 Re7
29.h3 g6 30.Rfd1 Kg7 31.Rd8 Rxd8 32.Rxd8 Kf6 33.Kh2 b6 34.Rd6+  1/2-1/2

[Event "Oberliga Ost A9899"]
[Site "GER"]
[Date "1999.??.??"]
[Round "?"]
[White "Hoepfl, Thomas"]
[Black "Erler, Rainer"]
[Result "1-0"]
[WhiteElo "2215"]
[BlackElo "2160"]

1.e4 c5 2.Nf3 Nc6 3.Nc3 e5 4.Bc4 d6 5.d3 Be7 6.Nd2 Bg5 7.Nf1 Bxc1 8.Rxc1 a6
9.a4 Nf6 10.Ne3 Rb8 11.O-O Nd4 12.f4 b5 13.axb5 axb5 14.Ba2 b4 15.Ncd5 b3
16.Bxb3 Nxb3 17.cxb3 exf4 18.Nxf4 O-O 19.Kh1 Qe7 20.b4 cxb4 21.Qd2 Be6 22.Rc6 Qd7
23.Rfc1 Rbc8 24.Rxc8 Rxc8 25.Rxc8+ Qxc8 26.Nc2 b3 27.Nd4 Qa6 28.h3 d5 29.Nfxe6 fxe6
30.exd5 Nxd5 31.Nxb3 Qb6 32.Na5 Qd4 33.Nc6 Qc5 34.Ne5 Qd4 35.Nf3 Qa4 36.Qc1 h6
37.Qc8+ Kf7 38.Ne5+ Kf6 39.Nd7+ Ke7 40.Nc5 Qd1+ 41.Kh2 Qe2 42.Qd7+ Kf6 43.Ne4+ Kg6
44.Qxe6+ Nf6 45.Qe5 Nh5 46.Qe8+  1-0

[Event "Oberliga Nord N9899"]
[Site "GER"]
[Date "1999.??.??"]
[Round "?"]
[White "Steffens, Olaf"]
[Black "Kues, Hendrik"]
[Result "0-1"]
[WhiteElo "2305"]
[BlackElo "2215"]

1.e4 c5 2.Ne2 Nc6 3.Nbc3 e6 4.g3 Nd4 5.Bg2 Ne7 6.d3 Nec6 7.O-O g6 8.f4 Bg7
9.e5 d5 10.exd6 Qxd6 11.Ne4 Qe7 12.Be3 Bd7 13.c3 Nxe2+ 14.Qxe2 b6 15.Rae1 O-O
16.Kh1 Rac8 17.g4 f5 18.gxf5 exf5 19.Ng5 Qd6 20.Qf3 h6 21.Qd5+ Qxd5 22.Bxd5+ Kh8
23.Ne6 Bxe6 24.Bxe6 Rcd8 25.Bc4 Bf6 26.Rg1 Kh7 27.Bf2 Rd6 28.Re2 g5 29.Bg3 g4
30.Rge1 Kg7 31.Re6 Rfd8 32.Bf2 Na5 33.Bb5 Kf7 34.R6e2 h5 35.Be8+ Kg7 36.b4 cxb4
37.cxb4 Nc6 38.b5 Nb4 39.d4 Nd3 40.Rd1 Nxf2+  0-1

[Event "Hessenliga 9899"]
[Site "GER"]
[Date "1999.??.??"]
[Round "?"]
[White "Kierzek, Mira"]
[Black "Von Kiedrowski, Klemens"]
[Result "1-0"]
[WhiteElo "2055"]
[BlackElo "2020"]

1.e4 c5 2.Nc3 Nc6 3.Bb5 Nd4 4.Bc4 g6 5.Nge2 Bg7 6.O-O e6 7.Nxd4 cxd4 8.Ne2 Ne7
9.d3 d5 10.Bb3 O-O 11.Ng3 a5 12.a4 b6 13.f4 dxe4 14.dxe4 Ba6 15.Rf2 Rc8 16.Qg4 Rc5
17.f5 exf5 18.exf5 Qd7 19.Bg5 Nxf5 20.Nxf5 Rxf5 21.Rxf5 gxf5 22.Qg3 Kh8 23.Re1 Re8
24.h3 h6 25.Bf4 Re2 26.Rxe2 Bxe2 27.Bxh6 Bxh6 28.Qe5+ Kh7 29.Qxe2 Be3+ 30.Kf1 Kg6
31.Qf3 Qd6 32.g3 Bc1 33.g4 f4 34.Qe4+ Kg7 35.Qf5 Bxb2 36.Qxf7+ Kh6 37.Qh5+ Kg7
38.g5 Qg6 39.Qg4 d3 40.Qd7+ Kf8 41.Qxd3 Qxd3+ 42.cxd3 Kg7 43.Kf2 Kg6 44.h4 Kh5
45.Kf3 Kxh4 46.Kxf4 Bc1+ 47.Kf5 Bxg5 48.d4 Bd8 49.d5 Kg3 50.Ke6 Kf4 51.Kd7 Bh4
52.Kc7 Ke5 53.d6  1-0

[Event "GER-ch 11th Seniors"]
[Site "Germany"]
[Date "1999.??.??"]
[Round "?"]
[White "Schulz, Wolfgang"]
[Black "Niebling, Ferdinand"]
[Result "1-0"]
[WhiteElo "2120"]
[BlackElo "2220"]

1.e4 c5 2.Nf3 Nc6 3.Nc3 Nf6 4.d4 cxd4 5.Nxd4 e5 6.Ndb5 d6 7.Bg5 a6 8.Na3 b5
9.Nd5 Qa5+ 10.Bd2 Qd8 11.Bg5 Be7 12.Bxf6 Bxf6 13.c3 Bg5 14.Nc2 O-O 15.a4 bxa4
16.Rxa4 a5 17.b4 Be6 18.b5 Ne7 19.h4 Bh6 20.Bc4 Nxd5 21.Bxd5 Bxd5 22.Qxd5 Qb6
23.Rh3 Rfc8 24.Nb4 Ra7 25.Nc6 Rb7 26.Rf3 g6 27.h5 Bg5 28.hxg6 hxg6 29.c4 Rbc7
30.Rg3 Rxc6 31.Rxg5 Rc5 32.Rxg6+ Kf8 33.Rxd6 Qc7 34.Rd7 Rxd5 35.Rxc7 Rxc7
36.exd5 Ke7 37.b6 Rc8 38.Kd2 Kd6 39.Kd3 Rc5 40.Ra1  1-0

[Event "GER-ch 11th Seniors"]
[Site "Germany"]
[Date "1999.??.??"]
[Round "?"]
[White "Lundquist, Rolf"]
[Black "Kohl, Kurt"]
[Result "1/2-1/2"]
[WhiteElo "2280"]
[BlackElo "1795"]

1.e4 c5 2.Nc3 Nc6 3.Nf3 d6 4.d4 cxd4 5.Nxd4 g6 6.Be3 Bg7 7.Qd2 Nf6 8.f3 Bd7
9.Bc4 a6 10.Bb3 Na5 11.O-O-O Nxb3+ 12.cxb3 b5 13.Kb1 h5 14.Rhe1 Rc8 15.Bg5 Rc5
16.h4 O-O 17.Bh6 Kh7 18.Bxg7 Kxg7 19.Nc2 a5 20.Ne3 Be6 21.Ne2 b4 22.Nf4 Qc7
23.Rc1 Rc8  1/2-1/2

[Event "Guingamp op"]
[Site "Guingamp"]
[Date "1999.??.??"]
[Round "7"]
[White "Kozakov, Mikhail"]
[Black "Belkhodja, Slim"]
[Result "1/2-1/2"]
[WhiteElo "2420"]
[BlackElo "2423"]

1.e4 c5 2.Nf3 Nc6 3.Nc3 e5 4.Bc4 d6 5.d3 Be6 6.Nd5 Be7 7.c3 Nf6 8.O-O O-O
9.Nxe7+ Qxe7 10.Re1 Rad8 11.Bg5 h6 12.Bh4 Kh7 13.Nd2 Rg8 14.Bxf6 Qxf6 15.Nf1 d5
16.exd5 Bxd5 17.Qe2 Qg6 18.Ne3 Be6 19.a4 Rd6 20.a5 Rgd8 21.Qf3 Bxc4 22.dxc4 Rd2
23.a6 b6 24.Rab1 R8d3 25.h4 h5 26.Qf5 Qxf5 27.Nxf5 Rd7 28.Ng3 f6 29.Nf1 R2d3
30.Ne3 Kg6 31.Kf1 Kf7 32.Nd5 Rd2 33.Re2 Rxe2 34.Kxe2 Ne7 35.Ne3 Ke6 36.g3 Nf5
37.Nd5 Nd6 38.b3 Nc8 39.Ra1 Kd6 40.Kf3 Kc6 41.g4 hxg4+ 42.Kxg4 Kd6 43.Kh5 Ke6
44.Kg6 Nd6 45.Nxb6 Rd8 46.Na4 Rh8 47.Kxg7 Rxh4 48.Nxc5+ Ke7 49.Rg1 Rh2 50.Kg8 Nf5
51.Ne4 Rh4 52.f3 Rh3 53.Rg6 Nh6+ 54.Kg7 Nf5+ 55.Kg8  1/2-1/2

[Event "Gyongyos op"]
[Site "Gyongyos"]
[Date "1999.??.??"]
[Round "3"]
[White "Eberth, Zoltan"]
[Black "Ujj, Daniel"]
[Result "0-1"]
[WhiteElo "2270"]
[BlackElo "2100"]

1.e4 c5 2.Ne2 Nc6 3.Nbc3 Nf6 4.g3 d5 5.exd5 Nxd5 6.Bg2 e6 7.O-O Nxc3 8.bxc3 Be7
9.Nf4 O-O 10.d3 Qc7 11.h4 Bf6 12.Be3 Bxc3 13.Bxc5 Bxa1 14.Bxf8 Be5 15.Bc5 Bxf4
16.gxf4 Qxf4 17.d4 Qxh4 18.f4 Bd7 19.Qd3 b6 20.d5 exd5 21.Qxd5 Rd8 22.Bd6 Be8
23.Rd1 Qf6 24.f5 Ne7 25.Qb7 Nc8  0-1

[Event "Hallsberg opJ"]
[Site "Hallsberg"]
[Date "1999.??.??"]
[Round "5"]
[White "Bucinskas, Valdas"]
[Black "Agopov, Mikael"]
[Result "1/2-1/2"]
[WhiteElo "2222"]
[BlackElo "2398"]

1.e4 c5 2.Nf3 Nc6 3.Nc3 e6 4.g3 Nge7 5.Bg2 d6 6.d4 cxd4 7.Nxd4 Nxd4 8.Qxd4 Nc6
9.Qd3 Be7 10.Be3 a6 11.f4 O-O 12.O-O Qc7 13.Rad1 b5 14.g4 Bb7 15.g5 Rfe8
16.Rf3 Rac8 17.Rh3 g6 18.Qe2 b4 19.Na4 Nb8 20.c3 Nd7 21.cxb4 Qc2 22.Qxc2 Rxc2
23.Rd2 Rc4 24.e5 Bxg2 25.Kxg2 Rxb4 26.exd6 Rxa4 27.dxe7 Rxe7 28.b3 Ra5 29.Bd4 e5
30.fxe5 Rd5 31.Re3 Rexe5 32.Rxe5 Nxe5 33.Bc3 Nd3 34.Kf3 Ne1+ 35.Ke4 Rxd2
36.Bxd2 Ng2 37.Kd5 Nh4 38.Kc6 Nf3 39.Bf4 h6 40.gxh6 g5 41.Bd6 f5 42.b4 f4
43.a4 Kh7 44.Bc5 Ne5+ 45.Kd5 Nd3 46.Kd4 Nb2 47.a5 Na4 48.Kd3 Nb2+ 49.Ke4 Nc4
50.Bf8 Kg6 51.Kf3 Ne5+ 52.Ke4 Nc4 53.Kd4 Na3 54.Kd5 Nb5 55.Ke4 Nc7 56.Bg7 Kh7
57.h4 gxh4 58.Be5 Nd5 59.b5 h3 60.Kf3 axb5 61.a6 Kxh6 62.a7 Nb6 63.Bxf4+ Kg6
64.Ke4 b4  1/2-1/2

[Event "Hallsberg opJ"]
[Site "Hallsberg"]
[Date "1999.??.??"]
[Round "6"]
[White "Simacek, Pavel"]
[Black "Bucinskas, Valdas"]
[Result "1-0"]
[WhiteElo "2380"]
[BlackElo "2222"]

1.e4 c5 2.Nf3 Nc6 3.Nc3 g6 4.d4 cxd4 5.Nxd4 Bg7 6.Be3 Nf6 7.Nxc6 bxc6 8.e5 Ng8
9.Bd4 Nh6 10.e6 O-O 11.Bxg7 Kxg7 12.Qd4+ Kg8 13.exd7 Qxd7 14.Qxd7 Bxd7 15.O-O-O Bg4
16.f3 Be6 17.Ba6 Nf5 18.Bb7 Rab8 19.Bxc6 Ne3 20.Rd2 Rfc8 21.Bd5 Rxc3 22.Bxe6 Rxc2+
23.Rxc2 Nxc2 24.Bxf7+ Kxf7 25.Kxc2 Rc8+ 26.Kd2 Rd8+ 27.Ke3 Rc8 28.Rd1 Ke6
29.Kd2 Rd8+ 30.Kc2 Rc8+ 31.Kb3 Rc7 32.Rd2 Kf5 33.Rc2 Rd7 34.Kc4 Rc7+ 35.Kd3 Rd7+
36.Ke3 Rb7 37.b3 h5 38.Rc5+ Kf6 39.Kd4 Rd7+ 40.Rd5 Rc7 41.Ke3 Rc1 42.Rd2 Ke6
43.h3 Rb1 44.Rc2 Re1+ 45.Kf4 Kf6 46.h4 Re6 47.Rb2 Ra6 48.Ke4 g5 49.hxg5+ Kxg5
50.Ke5 h4 51.Rc2 Kg6 52.Kf4 Kh5 53.Rc5+ Kh6 54.Rc2 Kh5 55.Kf5 Rf6+ 56.Ke5 Ra6
57.b4 Ra3 58.Ke6 Re3+ 59.Kf7 e5 60.Kf6 h3 61.gxh3 Rxf3+ 62.Kxe5 Rxh3 63.a4 Rh4
64.Rb2 Kg6 65.Kd5 Kf6 66.Kc5 Ke7 67.Rd2 Rg4 68.Kb5 Rh4 69.Ka5 Rg4 70.b5 Rh4
71.Rg2 Rh7 72.Ka6 Kd6 73.Rc2 Rg7 74.a5 Rg5 75.Rc8 Rg7 76.Ra8  1-0

[Event "Havana Provincial-B"]
[Site "Havana"]
[Date "1999.??.??"]
[Round "?"]
[White "Suri, Alberto"]
[Black "Lopez, Carlos Manuel"]
[Result "1-0"]
[WhiteElo "2305"]
[BlackElo "2295"]

1.e4 c5 2.Nf3 Nc6 3.Nc3 e5 4.Bb5 d6 5.h3 Nf6 6.O-O Be7 7.Re1 O-O 8.d3 h6
9.Ne2 a6 10.Bxc6 bxc6 11.Ng3 Re8 12.c3 Bf8 13.Qc2 Kh8 14.Bd2 Be6 15.d4 exd4
16.cxd4 d5 17.exd5 Bxd5 18.Rxe8 Qxe8 19.dxc5 Bxf3 20.gxf3 Qd7 21.Kg2 Rd8
22.Be3 Nd5 23.Re1 Re8 24.Re2 Re6 25.Bc1 Nb4 26.Qc4 Rxe2 27.Nxe2 Nd3 28.Be3 Qf5
29.Ng3 Ne1+ 30.Kf1 Qb1 31.Qxf7 Nd3+ 32.Kg2  1-0

[Event "Havana Provincial-B"]
[Site "Havana"]
[Date "1999.??.??"]
[Round "?"]
[White "Hernandez, Holden"]
[Black "Vega, Lemay"]
[Result "1/2-1/2"]
[WhiteElo "2325"]
[BlackElo "2275"]

1.e4 c5 2.Nf3 Nc6 3.Nc3 e5 4.Nd5 Be7 5.Bc4 Nf6 6.Qe2 d6 7.Nxe7 Qxe7 8.c3 O-O
9.d3 h6 10.O-O Be6 11.Re1 Rad8 12.b3 a6 13.Bxe6 Qxe6 14.d4 exd4 15.cxd4 cxd4
16.Qd3 d5 17.e5 Ne4 18.Ba3 Rfe8 19.Rad1 Qf5 20.Bb2 Nxe5 21.Qxd4 Qxf3 22.gxf3 Nxf3+
23.Kg2 Nxd4 24.Bxd4 Ng5 25.Rxe8+ Rxe8 26.Bb6 Ne6 27.Kf3 d4 28.Rd2 Re7 29.Bxd4 Rd7
30.Be3 Rxd2 31.Bxd2 Kf8 32.Ke4 Ke7 33.Kd5 Kd7 34.f4 h5 35.f5 Nd8 36.Bc3 f6
37.Bb4 Ke8 38.Kd6 Nc6 39.Be1 Kd8 40.Bf2 Ne7 41.Bb6+ Ke8 42.Ke6 Nc6 43.Kd6 Ne7
44.Kc7 Nxf5 45.Kxb7 g5 46.Kxa6 g4 47.b4 h4 48.b5 Kd7 49.Bc5 h3 50.b6 g3 51.Bg1 Ne7
52.hxg3 f5 53.a4 Nc6 54.a5 Kc8 55.Bh2 Nb8+ 56.Kb5 Kb7 57.Kc5 Na6+ 58.Kd6 Nb4
59.Ke6 Nc6 60.Kxf5 Nxa5 61.g4 Nc6 62.g5 Nd4+ 63.Kg4 Kxb6 64.Bg1 Kc6 65.g6 Ne6
66.Kf5 Kd7 67.Bh2 Ke7 68.Be5 Ng7+ 69.Kg5 Kf8 70.Kh6 Kg8 71.Kg5 Ne6+ 72.Kf5 Nf8
73.g7 Nd7 74.Bh2 Kxg7 75.Kg4  1/2-1/2

[Event "Helsinki op2"]
[Site "Helsinki"]
[Date "1999.??.??"]
[Round "2"]
[White "Koskela, Niina"]
[Black "Pessi, Juha"]
[Result "1-0"]
[WhiteElo "2213"]
[BlackElo "2190"]

1.e4 c5 2.Nf3 Nc6 3.Nc3 d6 4.d4 cxd4 5.Nxd4 Nf6 6.Be2 e6 7.O-O Be7 8.Kh1 O-O
9.f4 a6 10.a4 Qc7 11.Be3 Bd7 12.Qe1 Rac8 13.Qg3 Nxd4 14.Bxd4 Bc6 15.Bd3 Rfd8
16.a5 Rd7 17.e5 Nh5 18.Qh3 g6 19.Bb6 Qb8 20.f5 dxe5 21.fxe6 Rxd3 22.exf7+ Kg7
23.cxd3 Nf4 24.Rxf4 exf4 25.Bd4+ Bf6 26.Bxf6+ Kxf6 27.Re1 f3 28.Qh4+ Kg7
29.gxf3 Qd6 30.Re3 Rf8 31.d4 Rxf7 32.d5 Bd7 33.Qd4+ Kg8 34.Kg2 Rf5 35.Qh4 g5
36.Qg3 Qb4 37.Qc7 Rf7 38.Qd8+ Qf8 39.Qxf8+ Kxf8 40.Re5 h6 41.Ne4 Kg7 42.Nd6  1-0

[Event "Helsinki op2"]
[Site "Helsinki"]
[Date "1999.??.??"]
[Round "2"]
[White "Lehtinen, Antti"]
[Black "Kiviaho, Allan"]
[Result "1-0"]
[WhiteElo "2155"]
[BlackElo "2236"]

1.e4 c5 2.Nc3 Nc6 3.Nge2 Nf6 4.d4 cxd4 5.Nxd4 d6 6.Bg5 e6 7.Qd2 a6 8.O-O-O h6
9.Be3 Be7 10.f4 Qc7 11.Bd3 Bd7 12.Kb1 b5 13.h3 Na5 14.g4 g6 15.Qf2 Nc4 16.Bc1 Qc5
17.Rhf1 Ng8 18.f5 gxf5 19.exf5 e5 20.Qf3 Rc8 21.Nb3 Qc6 22.Be4 Na3+ 23.Ka1 Nxc2+
24.Bxc2 Qxf3 25.Rxf3 b4 26.f6 Bf8 27.Nd5 Rxc2 28.Nxb4 Rc8 29.Kb1 Bb5 30.Nd5 Be2
31.Rfd3 Bxd1 32.Rxd1 Rc6 33.Nd2 Kd7 34.b3 Ke6 35.Ne4 Rc5 36.Nxc5+ dxc5 37.Nc7+ Kxf6
38.Rd8 Bg7 39.Nxa6 Ne7 40.Rd6+  1-0

[Event "Helsinki op2"]
[Site "Helsinki"]
[Date "1999.??.??"]
[Round "5"]
[White "Lehtinen, Antti"]
[Black "Sorri, Kari Juhani"]
[Result "1/2-1/2"]
[WhiteElo "2155"]
[BlackElo "2277"]

1.e4 c5 2.Nc3 Nc6 3.Nge2 d6 4.d4 cxd4 5.Nxd4 Nf6 6.Bg5 e6 7.Qd2 a6 8.O-O-O Bd7
9.f4 h6 10.Bxf6 gxf6 11.Kb1 b5 12.f5 Qb6 13.Nxc6 Qxc6 14.Qd4 Be7 15.Be2 Qc5
16.Qxc5 dxc5 17.Bh5 Rd8 18.fxe6 Bxe6 19.Nd5 Bxd5 20.exd5 Rg8 21.Rhe1 Kf8
22.Bf3 Bd6 23.Re4 Rg5 24.h3 Be5 25.c3 Ke7 26.Kc2 Kd6 27.a4 f5 28.Rh4 Rh8
29.axb5 axb5 30.Ra1 Bf6 31.Ra6+ Ke5 32.Rh5 Rg3 33.d6 Bg5 34.Rc6 c4 35.d7 Rd8
36.h4 Be3 37.Rc7 Rg6 38.g4 Kd6 39.Rc8 Rxd7 40.Rxf5 Ke7 41.Rxb5 Rd2+ 42.Kb1 Rf6
43.Rb7+ Rd7 44.Be4 Rf4 45.Rxd7+ Kxd7 46.Rxc4 Kd6 47.Bd3 Rf3 48.h5 Bg5 49.Bf5 Rf2
50.Ka2 Bc1 51.Rb4 Kc5 52.Rb7 f6 53.Kb1 Bg5 54.Rb4 Be3 55.Re4 Bg5 56.Re1 Bd2
57.Re6 Bg5 58.Bc2 Rf4 59.Re4 Rf2 60.b4+ Kd5 61.Rd4+ Kc6 62.Kb2 Bf4 63.Kb3 Be5
64.Rc4+ Kb6 65.Bf5 Rf1 66.Rc8 Rf3 67.Kc2 Rf2+ 68.Kd3 Rf3+ 69.Kd2 Rg3 70.Rc5 Rf3
71.Bd3 Rg3 72.Rc4 Rf3 73.Re4 Rg3 74.c4 Rg2+ 75.Be2 Rg3  1/2-1/2

[Event "HUN-chT29899"]
[Site "HUN"]
[Date "1999.??.??"]
[Round "?"]
[White "Gal, Jozsef"]
[Black "Pasztorcsik, Janos"]
[Result "1-0"]
[WhiteElo "2325"]
[BlackElo "2045"]

1.e4 c5 2.Nf3 Nc6 3.Nc3 d6 4.d4 cxd4 5.Nxd4 e5 6.Nb3 Be7 7.Be3 Nf6 8.f3 Be6
9.Nd5 O-O 10.Be2 Bxd5 11.exd5 Nb4 12.c4 a5 13.O-O Nh5 14.Qd2 f5 15.a3 f4
16.Bf2 Na6 17.Nxa5 Qd7 18.b4 Rf6 19.Rac1 Bd8 20.Nb3 Nc7 21.c5 Rxa3 22.c6 bxc6
23.dxc6 Qf5 24.b5 Na8 25.Qd5+ Kh8 26.Bc4 Rf8 27.Qxd6 Ra2 28.Nd4 exd4 29.Bxa2  1-0

[Event "HUN-chT9899"]
[Site "HUN"]
[Date "1999.??.??"]
[Round "?"]
[White "Farkas, Gyula"]
[Black "Wells, Peter K"]
[Result "0-1"]
[WhiteElo "2200"]
[BlackElo "2515"]

1.e4 c5 2.Nf3 Nc6 3.Nc3 d6 4.Bb5 e5 5.d3 g6 6.O-O Bg7 7.Nd5 a6 8.Ba4 h6 9.Be3 Ne7
10.Qd2 Nxd5 11.exd5 b5 12.Bb3 Ne7 13.c4 f5 14.Qe2 O-O 15.cxb5 Kh7 16.bxa6 Bxa6
17.Ne1 Qd7 18.Bc4 Bb7 19.Qf3 g5 20.h3 Ng6 21.Nc2 e4 22.dxe4 Ne5 23.Qe2 Nxc4
24.Qxc4 Ba6 25.Qb3 Rfb8  0-1

[Event "HUN-chT29899"]
[Site "HUN"]
[Date "1999.??.??"]
[Round "?"]
[White "Kis, Jozsef"]
[Black "Bordos, Janos"]
[Result "1/2-1/2"]
[WhiteElo "2175"]
[BlackElo "2085"]

1.e4 c5 2.Nf3 Nc6 3.Nc3 d6 4.g3 Nf6 5.Bg2 Bd7 6.h3 Rc8 7.d3 a6 8.Nd5 e6 9.Nxf6+ gxf6
10.O-O Bg7 11.Nh4 O-O 12.Qh5 Kh8 13.f4 Be8 14.f5 e5 15.c3 Rg8 16.Be3 b5 17.Qe2 Qe7
18.Rad1 Bf8 19.Kh2 Qc7 20.Qf2 a5 21.Kh1  1/2-1/2

[Event "Godal mem"]
[Site "HUN"]
[Date "1999.??.??"]
[Round "4"]
[White "Hajnal, Zoltan"]
[Black "Eberth, Zoltan"]
[Result "1-0"]
[WhiteElo "2300"]
[BlackElo "2270"]

1.e4 c5 2.Nf3 Nc6 3.Nc3 e5 4.Bc4 g6 5.d3 Bh6 6.Bxh6 Nxh6 7.Qd2 Ng4 8.h3 Nf6
9.Ng5 O-O 10.f4 d6 11.O-O Kg7 12.Nxf7 Rxf7 13.Bxf7 Kxf7 14.fxe5 Nxe5 15.Nd5 Nd7
16.Rxf6+ Nxf6 17.Rf1 Bf5 18.Nxf6 Qxf6 19.exf5 g5 20.Qe2 Rh8 21.Qe4 Re8 22.Qxb7+ Re7
23.Qd5+ Kf8 24.c3 Re2 25.Qa8+ Kg7 26.Qxa7+ Kh6 27.Qb8 c4 28.dxc4 Qe5 29.Qf8+ Kh5
30.Qf7+ Kh4 31.Qxh7+ Kg3 32.Rf3+  1-0